Galaxies dont on connaît le nom qui ont un nom autre qu'un numéro - Statistiques

Statistiques générales
  • Ce quiz a été pris 49 fois
  • Le résultat moyen est 3 sur 20
Statistiques - réponses
Galaxies % Correct
Galaxie d'Andromède
90%
Voie lactée
80%
Galaxie du Sombrero
34%
Galaxie du Tourbillon
20%
Galaxie du Triangle
20%
Grand Nuage de Magellan
15%
Petit Nuage de Magellan
15%
Galaxie du cigare
10%
Galaxie du Moulinet
10%
Galaxie de la Rouede chariot
7%
Galaxie du Têtard
7%
Galaxie du Tournesol
7%
Omega Centauri
5%
Segue 2
5%
Galaxie-comète
2%
Objet de Hoag
2%
Objet de Mayall
2%
Andromeda I
0%
Cygnus A
0%
Malin A
0%
Aucun quiz correspondant
Distribution des résultats
% des personnes avec chaque résultat
Percentile par nombre de réponses
Votre historique - résultats
Vous n’avez pas pris ce quiz